<?xml version="1.0" encoding="UTF-8"?><collection xmlns="info:lc/xmlns/marcxchange-v2"><record format="Unimarc" type="bibliographic"><leader>00707cam  2200241   450 </leader><controlfield tag="001">670182</controlfield><controlfield tag="003">http://id.bnportugal.gov.pt/bib/porbase/670182</controlfield><controlfield tag="005">19990106000000.0</controlfield><datafield ind1=" " ind2=" " tag="010"><subfield code="a">0-691-03323-4</subfield></datafield><datafield ind1=" " ind2=" " tag="035"><subfield code="a">(bn)670182</subfield></datafield><datafield ind1=" " ind2=" " tag="095"><subfield code="a">PTBN00881959</subfield></datafield><datafield ind1=" " ind2=" " tag="100"><subfield code="a">19970408d1995    k  y0pory0103    ba</subfield></datafield><datafield ind1="0" ind2=" " tag="101"><subfield code="a">eng</subfield></datafield><datafield ind1=" " ind2=" " tag="102"><subfield code="a">US</subfield></datafield><datafield ind1="1" ind2=" " tag="200"><subfield code="a">Gravitation and inertia</subfield></datafield><datafield ind1=" " ind2="9" tag="210"><subfield code="a">Princeton, New Jersey</subfield><subfield code="c">Princeton University Press</subfield><subfield code="d">[cop. 1995]</subfield></datafield><datafield ind1=" " ind2=" " tag="215"><subfield code="a">XI, [3], 498 p.</subfield><subfield code="c">il</subfield></datafield><datafield ind1="2" ind2=" " tag="225"><subfield code="a">Princeton series in physics</subfield></datafield><datafield ind1=" " ind2=" " tag="675"><subfield code="a">530.1</subfield><subfield code="v">BN</subfield><subfield code="z">por</subfield><subfield code="3">290651</subfield></datafield><datafield ind1=" " ind2="1" tag="700"><subfield code="a">Ciufolini</subfield><subfield code="b">Ignazio</subfield><subfield code="f">1951-</subfield><subfield code="3">245445</subfield></datafield><datafield ind1=" " ind2="1" tag="701"><subfield code="a">Wheeler</subfield><subfield code="b">John Archibald</subfield><subfield code="4">070</subfield><subfield code="3">245446</subfield></datafield><datafield ind1=" " ind2="0" tag="801"><subfield code="a">PT</subfield><subfield code="b">BN</subfield><subfield code="g">RPC</subfield></datafield><datafield ind1=" " ind2=" " tag="966"><subfield code="l">BN</subfield><subfield code="m">FGMON</subfield><subfield code="s">S.A. 118357 V.</subfield><subfield code="x">2</subfield></datafield><datafield ind1=" " ind2=" " tag="997"><subfield code="a">BIBEOD</subfield></datafield></record></collection>